书目信息 |
| 题名: |
多媒体课件制作实用教程
|
|
| 作者: | 刘振华 编著 | |
| 分册: | ||
| 出版信息: | 北京 清华大学出版社 2001.02 |
|
| 页数: | 348页 | |
| 开本: | 16开 | |
| 丛书名: | ||
| 单 册: | ||
| 中图分类: | TP316.5 | |
| 科图分类: | ||
| 主题词: | 软件 | |
| 电子资源: | ||
| ISBN: | 7-900630-74-0 | |
| 000 | 00603nam0 2200205 45 | |
| 001 | 0206130913 | |
| 005 | 20020719093854.0 | |
| 010 | @a7-900630-74-0@d37.00元 | |
| 100 | @a20020613d2001 km y0chiy0120 ea | |
| 101 | 0 | @achi |
| 105 | @a z 000yy | |
| 200 | 1 | @a多媒体课件制作实用教程@ADuo Mei Ti Ke Jian Zhi ZuoShi Yong Jiao Cheng@f刘振华等编著@FLiu Zhen Hua DengBian Zhu |
| 210 | @a北京@c清华大学出版社@d2001.02 | |
| 215 | @a348页@d16开 | |
| 300 | @a光盘1张 | |
| 606 | 0 | @a软件 |
| 690 | @aTP316.5@v3 | |
| 701 | 0 | @a刘振华@4编著 |
| 801 | @bPftUser@c20020613@aCN | |
| 905 | @dTP316.5@e4@aBZT@b340429@f1 | |
| 多媒体课件制作实用教程/刘振华等编著.-北京:清华大学出版社,2001.02 |
| 348页;16开 |
| 光盘1张 |
| ISBN 7-900630-74-0:37.00元 |
| ● |
| 相关链接 |
|
|
|
正题名:多媒体课件制作实用教程
索取号:TP316.5/4
 
预约/预借
| 序号 | 登录号 | 条形码 | 馆藏地/架位号 | 状态 | 备注 |
| 1 | 340420 | 201166718 | 中心书库中库/ 中库027架B面6列5层42/ [索取号:TP316.5/4] | 在馆 |